000 00590nam a2200193Ia 4500
003 IN-BaIIA
008 211028s9999 xx 000 0 eng d
040 _cIIA Library
080 _a083.7:621.873.12
_bSI
110 _aIndian Standards Institution
245 0 _aIndian standard code of practice for design of mobile cranes (all types)
_cIndian Standards Institution
260 _aNew Delhi
_bIndian Standards Institution
_c1969
300 _a32p.
500 _aIS 4573 : 1968
650 _a Mobile Cranes
_99176
650 _a Standards 
650 _aNASA Thesaurus 
942 _cBK
999 _c5187
_d5187